<?xml version="1.0" encoding="UTF-8"?>
<collection xmlns="http://www.loc.gov/MARC21/slim">
 <record>
  <leader>03092caa a2200565   4500</leader>
  <controlfield tag="001">154943182X</controlfield>
  <controlfield tag="003">DE-627</controlfield>
  <controlfield tag="005">20241115112048.0</controlfield>
  <controlfield tag="007">cr cn 008aaaaa</controlfield>
  <controlfield tag="008">161107s1965    xx |||||oo    00| ||ger c</controlfield>
  <datafield tag="024" ind1="7" ind2=" ">
   <subfield code="a">urn:nbn:de:bsz:16-akb-336421</subfield>
   <subfield code="2">urn</subfield>
  </datafield>
  <datafield tag="024" ind1="7" ind2=" ">
   <subfield code="a">10.11588/akb.1965.0.33642</subfield>
   <subfield code="2">doi</subfield>
  </datafield>
  <datafield tag="035" ind1=" " ind2=" ">
   <subfield code="a">(DE-627)154943182X</subfield>
  </datafield>
  <datafield tag="035" ind1=" " ind2=" ">
   <subfield code="a">(DE-576)479431825</subfield>
  </datafield>
  <datafield tag="035" ind1=" " ind2=" ">
   <subfield code="a">(DE-599)BSZ479431825</subfield>
  </datafield>
  <datafield tag="035" ind1=" " ind2=" ">
   <subfield code="a">(OCoLC)1263841753</subfield>
  </datafield>
  <datafield tag="040" ind1=" " ind2=" ">
   <subfield code="a">DE-627</subfield>
   <subfield code="b">ger</subfield>
   <subfield code="c">DE-627</subfield>
   <subfield code="e">rda</subfield>
  </datafield>
  <datafield tag="041" ind1=" " ind2=" ">
   <subfield code="a">ger</subfield>
  </datafield>
  <datafield tag="084" ind1=" " ind2=" ">
   <subfield code="a">9,10</subfield>
   <subfield code="2">ssgn</subfield>
  </datafield>
  <datafield tag="100" ind1="1" ind2=" ">
   <subfield code="a">Quadflieg, Eberhard</subfield>
   <subfield code="d">1905-1982</subfield>
   <subfield code="e">VerfasserIn</subfield>
   <subfield code="0">(DE-588)11631544X</subfield>
   <subfield code="0">(DE-627)077825853</subfield>
   <subfield code="0">(DE-576)17889995X</subfield>
   <subfield code="4">aut</subfield>
  </datafield>
  <datafield tag="245" ind1="1" ind2="4">
   <subfield code="a">Die flämische Malerei</subfield>
   <subfield code="c">Eberhard Quadflieg</subfield>
  </datafield>
  <datafield tag="264" ind1=" " ind2="3">
   <subfield code="a">Heidelberg</subfield>
   <subfield code="b">arthistoricum.net</subfield>
   <subfield code="c">[2016]</subfield>
  </datafield>
  <datafield tag="336" ind1=" " ind2=" ">
   <subfield code="a">Text</subfield>
   <subfield code="b">txt</subfield>
   <subfield code="2">rdacontent</subfield>
  </datafield>
  <datafield tag="337" ind1=" " ind2=" ">
   <subfield code="a">Computermedien</subfield>
   <subfield code="b">c</subfield>
   <subfield code="2">rdamedia</subfield>
  </datafield>
  <datafield tag="338" ind1=" " ind2=" ">
   <subfield code="a">Online-Ressource</subfield>
   <subfield code="b">cr</subfield>
   <subfield code="2">rdacarrier</subfield>
  </datafield>
  <datafield tag="500" ind1=" " ind2=" ">
   <subfield code="a">Elektronische Reproduktion der Druckausgabe</subfield>
  </datafield>
  <datafield tag="583" ind1="1" ind2=" ">
   <subfield code="a">Archivierung/Langzeitarchivierung gewährleistet</subfield>
   <subfield code="x">XA-DE-BW</subfield>
   <subfield code="2">pdager</subfield>
   <subfield code="5">DE-16</subfield>
  </datafield>
  <datafield tag="655" ind1=" " ind2="7">
   <subfield code="a">Rezension</subfield>
   <subfield code="0">(DE-588)4049712-4</subfield>
   <subfield code="0">(DE-627)106186019</subfield>
   <subfield code="0">(DE-576)209083166</subfield>
   <subfield code="2">gnd-content</subfield>
  </datafield>
  <datafield tag="689" ind1="0" ind2="0">
   <subfield code="d">g</subfield>
   <subfield code="0">(DE-588)4291570-3</subfield>
   <subfield code="0">(DE-627)104215003</subfield>
   <subfield code="0">(DE-576)210841397</subfield>
   <subfield code="a">Niederlande</subfield>
   <subfield code="z">Süd</subfield>
   <subfield code="2">gnd</subfield>
  </datafield>
  <datafield tag="689" ind1="0" ind2="1">
   <subfield code="d">s</subfield>
   <subfield code="0">(DE-588)4037220-0</subfield>
   <subfield code="0">(DE-627)10623871X</subfield>
   <subfield code="0">(DE-576)209022892</subfield>
   <subfield code="a">Malerei</subfield>
   <subfield code="2">gnd</subfield>
  </datafield>
  <datafield tag="689" ind1="0" ind2="2">
   <subfield code="a">z</subfield>
   <subfield code="2">gnd</subfield>
   <subfield code="a">Geschichte 1400-1700</subfield>
  </datafield>
  <datafield tag="689" ind1="0" ind2=" ">
   <subfield code="5">(DE-627)</subfield>
  </datafield>
  <datafield tag="773" ind1="0" ind2="8">
   <subfield code="i">Enthalten in</subfield>
   <subfield code="t">Aachener Kunstblätter</subfield>
   <subfield code="d">Aachen : Thouet, 1906</subfield>
   <subfield code="g">30(1965), Seite 247</subfield>
   <subfield code="h">Online-Ressource</subfield>
   <subfield code="w">(DE-627)859862682</subfield>
   <subfield code="w">(DE-600)2856928-3</subfield>
   <subfield code="w">(DE-576)470028661</subfield>
   <subfield code="x">2510-2427</subfield>
   <subfield code="7">nnns</subfield>
  </datafield>
  <datafield tag="773" ind1="1" ind2="8">
   <subfield code="g">volume:30</subfield>
   <subfield code="g">year:1965</subfield>
   <subfield code="g">pages:247</subfield>
  </datafield>
  <datafield tag="787" ind1="0" ind2="8">
   <subfield code="i">Rezension von</subfield>
   <subfield code="a">Puyvelde, Leo van, 1882 - 1965</subfield>
   <subfield code="t">La peinture flamande au siècle des van Eyck</subfield>
   <subfield code="d">Paris [u.a.] : Elsevier, 1953</subfield>
   <subfield code="h">355 S.</subfield>
   <subfield code="w">(DE-627)1158205937</subfield>
   <subfield code="w">(DE-576)088205932</subfield>
  </datafield>
  <datafield tag="787" ind1="0" ind2="8">
   <subfield code="i">Rezension von</subfield>
   <subfield code="a">Puyvelde, Leo van, 1882 - 1965</subfield>
   <subfield code="t">La peinture flamande au siècle de Bosch et Breughel</subfield>
   <subfield code="d">Paris : Elsevier, 1962</subfield>
   <subfield code="h">490 S.</subfield>
   <subfield code="w">(DE-627)1143191625</subfield>
   <subfield code="w">(DE-576)073191620</subfield>
  </datafield>
  <datafield tag="787" ind1="0" ind2="8">
   <subfield code="i">Rezension von</subfield>
   <subfield code="a">Puyvelde, Leo van, 1882 - 1965</subfield>
   <subfield code="t">Rubens</subfield>
   <subfield code="d">Paris [u.a.] : Elsevier, 1952</subfield>
   <subfield code="h">238 S.</subfield>
   <subfield code="w">(DE-627)1134030711</subfield>
   <subfield code="w">(DE-576)064030717</subfield>
  </datafield>
  <datafield tag="787" ind1="0" ind2="8">
   <subfield code="i">Rezension von</subfield>
   <subfield code="a">Puyvelde, Leo van, 1882 - 1965</subfield>
   <subfield code="t">Jordaens</subfield>
   <subfield code="d">Paris [u.a.] : Elsevier, 1953</subfield>
   <subfield code="h">238 S.</subfield>
   <subfield code="w">(DE-627)112809942X</subfield>
   <subfield code="w">(DE-576)058099425</subfield>
  </datafield>
  <datafield tag="787" ind1="0" ind2="8">
   <subfield code="i">Rezension von</subfield>
   <subfield code="a">Puyvelde, Leo van, 1882 - 1965</subfield>
   <subfield code="t">Van Dyck</subfield>
   <subfield code="b">[Neuausgabe]</subfield>
   <subfield code="d">Bruxelles : Elsevier, 1959</subfield>
   <subfield code="h">293 S.</subfield>
   <subfield code="w">(DE-627)1150045108</subfield>
   <subfield code="w">(DE-576)080045103</subfield>
  </datafield>
  <datafield tag="856" ind1="4" ind2="0">
   <subfield code="u">http://nbn-resolving.de/urn:nbn:de:bsz:16-akb-336421</subfield>
   <subfield code="x">Verlag</subfield>
   <subfield code="x">Resolving-System</subfield>
   <subfield code="z">kostenfrei</subfield>
   <subfield code="3">Volltext</subfield>
  </datafield>
  <datafield tag="856" ind1="4" ind2="0">
   <subfield code="u">http://dx.doi.org/10.11588/akb.1965.0.33642</subfield>
   <subfield code="x">Verlag</subfield>
   <subfield code="x">Resolving-System</subfield>
   <subfield code="z">kostenfrei</subfield>
   <subfield code="3">Volltext</subfield>
  </datafield>
  <datafield tag="935" ind1=" " ind2=" ">
   <subfield code="h">SWB</subfield>
   <subfield code="i">ld</subfield>
  </datafield>
  <datafield tag="951" ind1=" " ind2=" ">
   <subfield code="a">AR</subfield>
  </datafield>
  <datafield tag="994" ind1=" " ind2=" ">
   <subfield code="u">https://journals.ub.uni-heidelberg.de/index.php/akb/article/view/33642</subfield>
  </datafield>
  <datafield tag="994" ind1=" " ind2=" ">
   <subfield code="u">https://journals.ub.uni-heidelberg.de/index.php/akb/article/view/33642/27343</subfield>
  </datafield>
  <datafield tag="990" ind1=" " ind2=" ">
   <subfield code="a">Niederlande</subfield>
  </datafield>
  <datafield tag="990" ind1=" " ind2=" ">
   <subfield code="a">Malerei</subfield>
  </datafield>
  <datafield tag="990" ind1=" " ind2=" ">
   <subfield code="a">Geschichte 1400-1700</subfield>
  </datafield>
  <datafield tag="991" ind1=" " ind2=" ">
   <subfield code="a">Rezension (Monographie, Zeitschrift, Aufsatz)</subfield>
  </datafield>
  <datafield tag="999" ind1=" " ind2=" ">
   <subfield code="a">KXP-PPN154943182X</subfield>
   <subfield code="e">4152983957</subfield>
  </datafield>
 </record>
</collection>
